Culture Générale - Série 2627 - Statistiques

Statistiques générales
  • Ce quiz a été pris 88 fois
  • Le résultat moyen est 3 sur 10
Statistiques - réponses
Question Réponse % Correct
Dans le film "La ligne verte" réalisé par Frank Darabont en 1999, quel animal est "Mister Jingles" ? souris
60%
Complétez l'expression : "Aller de Charybde en ... Scylla
55%
Sous quel nom connaissait-on mieux le chanteur de variétés Jean-Chrysostome Dolto (1943-2008) ? Carlos
53%
Comment s'appelait l'évêque de Beauvais ,ordonnateur du procès de Jeanne d'Arc, qu'il a fait condamner à mourir sur le bûcher à Rouen le 30 mai 1431 ? Pierre Cauchon
41%
Ce terme désigne une spécialité culinaire antillaise et une capitale africaine Accra
37%
Ce terme désigne une laitue et une ancienne capitale d'Asie Batavia
36%
En quelle année eut lieu le massacre de la Saint Barthélemy ? 1572
24%
A qui doit-on "Les Rêveries du promeneur solitaire" ? Jean-Jacques Rousseau
21%
"Je pense que quand on mettra les cons sur orbite, t'as pas fini de tourner". Titre du film dans lequel Jean Gabin a formulé cette réplique ? (2 mots) Le pacha
6%
Comment a-t-on appelé les protestants français (huguenots) de la région des Cévennes et de la Vaunage, dans le Sud de la France, qui ont mené une insurrection contre les persécutions qui ont suivi la révocation de l'Édit de Nantes en 1685 ? Camisards
3%
Aucun quiz correspondant
Distribution des résultats
% des personnes avec chaque résultat
Percentile par nombre de réponses
Votre historique - résultats
Vous n’avez pas pris ce quiz